| 000 | 00335nam a2200133Ia 4500 | ||
|---|---|---|---|
| 008 | 230312s9999||||xx |||||||||||||| ||und|| | ||
| 020 | _a81-8473-323-5 | ||
| 082 |
_a615 _bSTE |
||
| 245 | 0 | _aStedman's Pocket Medical Dictionary | |
| 260 |
_bLippioncott _aIndia _c2010 |
||
| 300 | _a1190 | ||
| 650 |
_aDictionary _vDictionary |
||
| 942 | _cBK | ||
| 999 |
_c10181 _d10181 |
||